000 00246nam a2200097Ia 4500
008 230915s9999 xx 000 0 und d
050 _aQ161.2.H37.C.1
100 _aHARCOURT
245 0 _aHARCOURT SCIENCE: LIFE SCIENCE UNITS A AND B
942 _cBK
999 _c194379
_d194379